000 00559nam a2200229Ia 4500
003 OSt
005 20230411161421.0
008 210423s2015 xx 000 0 und d
020 _a978-93-392-2012-9
040 _cAL
041 _aeng
082 _a575.1
_223
_bWEAG
100 _aWEAVER (Robert F);HEDRICK (Philip W)
_986471
245 _aGenetics Ed 3
250 _a3
260 _aNew Delhi
_bMcGrawhill Education
_c2015
300 _axvii,638
_bPB
365 _b1495
_cINR
650 _aGenetics
_986472
906 _aGenetics
942 _2ddc
_cBK
999 _c169714
_d169714